Liste des Pokémon ongulés avec exceptions - Statistiques

Statistiques générales
  • Ce quiz a été pris 15 fois
  • Le résultat moyen est 28 sur 39
Statistiques - réponses
N° Pokédex Pokémon % Correct
#0750 Bourrinos
92%
#0078 Galopa
92%
#0078 Galopa de Galar
92%
#0077 Ponyta
92%
#0077 Ponyta de Galar
92%
#0749 Tiboudet
92%
#0111 Rhinocorne
85%
#0112 Rhinoféros
85%
#0522 Zébibron
85%
#0523 Zéblitz
85%
#0896 Blizzeval
77%
#0916 Fragroin
77%
#0915 Gourmelet
77%
#0499 Grotichon
77%
#0498 Gruikui
77%
#0464 Rhinastoc
77%
#0500 Roitiflam
77%
#0096 Soporifik
77%
#0897 Spectreval
77%
#0493 Arceus
69%
#0221 Cochignon
69%
#0326 Groret
69%
#0450 Hippodocus
69%
#0449 Hippopotas
69%
#0473 Mammochon
69%
#0220 Marcacrin
69%
#0325 Spoink
69%
#0975 Balbalèze
62%
#0323 Camérupt
62%
#0483 Dialga (Forme Originelle)
62%
#0647 Keldeo
62%
#0484 Palkia (Forme Originelle)
62%
#0974 Piétacé
62%
#0320 Wailmer
62%
#0321 Wailord
62%
#0322 Chamallot
54%
#0382 Kyogre
54%
#0963 Dofin
46%
#0964 Superdofin
46%
Aucun quiz correspondant
Distribution des résultats
% des personnes avec chaque résultat
Percentile par nombre de réponses
Votre historique - résultats
Vous n’avez pas pris ce quiz